00570nam a2200205Ia 450000500170000000800410001702000140005804000190007204100120009108200150010310000210011824500720013926000270021130000170023844000190025550400410027465000200031570000190033585000100035420230426115255.0131103s9999 xx 000 0 und d a330237128 aLoreto College aEnglish a823.8bBRO aBronte,Charlotte aVillettecCharlotte Bronte;introduction and notes by Gilbert Phelps aLondonbPan Bookc1973 axxvi,502 p.  aA Pan Classics aIncludes bibliographical references  aEnglish Fiction aPhelps,Gilbert aLCLIB